Loading...
| Fine Arts - Auditory Fine Arts | 3 | 10.00 | 100% | 0% | 0% |
| Fine Arts - Other Fine Arts | 3 | 10.00 | 67% | 33% | 0% |
| Fine Arts - Visual Fine Arts | 4 | 7.50 | 75% | 0% | 0% |
| Geography | 2 | 25.00 | 100% | 100% | 50% |
| History - American History | 5 | 14.00 | 80% | 40% | 20% |
| History - European History | 4 | 12.50 | 100% | 25% | 0% |
| History - Other History | 4 | 10.00 | 75% | 0% | 25% |
| History - World History | 3 | 13.33 | 100% | 33% | 0% |
| Literature - American Literature | 4 | 12.50 | 100% | 25% | 0% |
| Literature - British Literature | 3 | 10.00 | 67% | 33% | 0% |
| Literature - European Literature | 3 | 10.00 | 100% | 0% | 0% |
| Literature - World Literature | 2 | 15.00 | 100% | 0% | 50% |
| Mythology | 5 | 16.00 | 100% | 60% | 0% |
| Philosophy | 3 | 13.33 | 100% | 33% | 0% |
| Pop Culture | 1 | 20.00 | 100% | 100% | 0% |
| Popular Culture | 1 | 10.00 | 100% | 0% | 0% |
| Religion | 3 | 20.00 | 100% | 67% | 33% |
| Science - Biology | 2 | 15.00 | 100% | 50% | 0% |
| Science - Chemistry | 4 | 12.50 | 100% | 25% | 0% |
| Science - Other Science | 2 | 10.00 | 100% | 0% | 0% |
| Social Science | 2 | 10.00 | 50% | 50% | 0% |